<?xml version="1.0" encoding="UTF-8"?><?xml-stylesheet type="text/xsl" href="static/style.xsl"?><OAI-PMH xmlns="http://www.openarchives.org/OAI/2.0/" xmlns:xsi="http://www.w3.org/2001/XMLSchema-instance" xsi:schemaLocation="http://www.openarchives.org/OAI/2.0/ http://www.openarchives.org/OAI/2.0/OAI-PMH.xsd"><responseDate>2026-05-14T10:25:13Z</responseDate><request verb="GetRecord" identifier="oai:riubu.ubu.es:10259/10263" metadataPrefix="marc">https://riubu.ubu.es/oai/request</request><GetRecord><record><header><identifier>oai:riubu.ubu.es:10259/10263</identifier><datestamp>2025-02-28T01:05:18Z</datestamp><setSpec>com_10259_5827</setSpec><setSpec>com_10259_5086</setSpec><setSpec>com_10259_2604</setSpec><setSpec>col_10259_7955</setSpec></header><metadata><record xmlns="http://www.loc.gov/MARC21/slim" xmlns:doc="http://www.lyncode.com/xoai" xmlns:xsi="http://www.w3.org/2001/XMLSchema-instance" xmlns:dcterms="http://purl.org/dc/terms/" xsi:schemaLocation="http://www.loc.gov/MARC21/slim http://www.loc.gov/standards/marcxml/schema/MARC21slim.xsd">
<leader>00925njm 22002777a 4500</leader>
<datafield tag="042" ind1=" " ind2=" ">
<subfield code="a">dc</subfield>
</datafield>
<datafield tag="720" ind1=" " ind2=" ">
<subfield code="a">López Marín, Sofía</subfield>
<subfield code="e">author</subfield>
</datafield>
<datafield tag="720" ind1=" " ind2=" ">
<subfield code="a">Cavia Saiz, Mónica</subfield>
<subfield code="e">author</subfield>
</datafield>
<datafield tag="720" ind1=" " ind2=" ">
<subfield code="a">Salazar Mardones, Gonzalo</subfield>
<subfield code="e">author</subfield>
</datafield>
<datafield tag="720" ind1=" " ind2=" ">
<subfield code="a">Muñiz Rodríguez, Pilar</subfield>
<subfield code="e">author</subfield>
</datafield>
<datafield tag="720" ind1=" " ind2=" ">
<subfield code="a">Gerardi, Gisela</subfield>
<subfield code="e">author</subfield>
</datafield>
<datafield tag="260" ind1=" " ind2=" ">
<subfield code="c">2024-04</subfield>
</datafield>
<datafield tag="520" ind1=" " ind2=" ">
<subfield code="a">La estrecha relación entre la inflamación y las enfermedades que se caracterizan por el envejecimiento acelerado de los órganos, puede ser explicada en parte por las alteraciones en el estrés oxidativo que conducen a estados inflamatorios crónicos asociados a las enfermedades neurodegenerativas. En los últimos años, los investigadores han prestado cada vez más atención a los compuestos bioactivos de origen alimentario por sus propiedades antiinflamatorias y preventivas en el desarrollo de enfermedades asociadas al estrés oxidativo.</subfield>
</datafield>
<datafield tag="024" ind2=" " ind1="8">
<subfield code="a">978-84-09-639113-7</subfield>
</datafield>
<datafield tag="024" ind2=" " ind1="8">
<subfield code="a">http://hdl.handle.net/10259/10263</subfield>
</datafield>
<datafield tag="245" ind1="0" ind2="0">
<subfield code="a">Efecto neuroprotector de la fracción biodisponible de melanoidinas obtenidas de corteza de pan</subfield>
</datafield>
</record></metadata></record></GetRecord></OAI-PMH>